| Record ID | marc_openlibraries_sanfranciscopubliclibrary/sfpl_chq_2018_12_24_run02.mrc:213435303:2690 |
| Source | marc_openlibraries_sanfranciscopubliclibrary |
| Download Link | /show-records/marc_openlibraries_sanfranciscopubliclibrary/sfpl_chq_2018_12_24_run02.mrc:213435303:2690?format=raw |
LEADER: 02690cam a2200541Ia 4500
001 45477593
003 OCoLC
005 20151005031637.0
008 001205s2000 ja a j 000 0 jpn d
020 $a4915512398 :$c$28.50
035 $a45477593
040 $aSFR$cSFR$dOCoLC$dUtOrBLW
041 1 $ajpn$heng
049 $aSFRA
092 $aJAPANESE jF$bRowL
100 1 $aRowling, J. K.
240 10 $aHarry Potter and the Chamber of Secrets.$lJapanese
245 10 $aHarī Pottā to himitsu no heya =$bHarry Potter and the Chamber of Secrets /$cJ.K. Rōringu saku ; Matsuoka Yūko yaku.
260 $aTōkyō :$bSeizansha,$c2000.
300 $a509 p. :$bill. ;$c22 cm
336 $atext$btxt$2rdacontent
337 $aunmediated$bn$2rdamedia
338 $avolume$bnc$2rdacarrier
500 $aSequel to: Harry Potter and the sorcerer's stone.
500 $aTranslation of: Harry Potter and the Chamber of Secrets.
520 $aWhen the Chamber of Secrets is opened again at the Hogwarts School for Witchcraft and Wizardry, second-year student Harry Potter finds himself in danger from a dark power that has once more been released on the school.
650 0 $aWizards$vJuvenile fiction.
650 0 $aMagic$vJuvenile fiction.
650 0 $aHogwarts School of Witchcraft and Wizardry (Imaginary organization)$vJuvenile fiction.
650 0 $aSchools$vJuvenile fiction.
650 1 $aWizards$vFiction.
650 1 $aMagic$vFiction.
650 1 $aSchools$vFiction.
651 0 $aEngland$vJuvenile fiction.
651 0 $aEngland$vFiction.
907 $a.b17147190$b08-10-18$c07-21-03
998 $a(4)xmj$aw4$b07-01-03$cm$da $e-$fjpn$gja $h0$i6
957 00 $aOCLC reclamation of 2017-18
907 $a.b17147190$b12-02-14$c07-21-03
956 $aPre-reclamation 001 value: ocm45477593
994 $aE0$bSFR
998 $a(2)xmj$aw4j$aw4$b07-01-03$cm$da$e-$fjpn$gja $h0$i4
999 $yMARS
998 $axmj$a(2)w4$b07-01-03$cm$da$e-$fjpn$gja $h0$i3
945 $aJAPANESE jF$bRowL$d - - $e01-21-2016 12:40$f0$g0$h02-08-16$i31223071303912$j503$0503$k - - $lxmjit$o-$p$39.95$q-$r-$s- $t0$u18$v15$w0$x0$y.i42624344$z12-16-05
945 $aJAPANESE jF$bRowL$d - - $e - - $f0$g0$h - - $i31223118967927$j0$00$k - - $lxmjit$o-$p$29.45$q-$r-$s- $t0$u0$v0$w0$x0$y.i89765539$z04-05-17
945 $aJAPANESE jF RowL$d - - $e05-18-2004 17:21$f0$g0$h05-25-04$i31223057238116$j501$0501$k - - $lxmjit$o-$p$28.50$q-$r-$sr $t0$u29$v2$w0$x0$y.i12041956$z07-29-03
945 $aJAPANESE jF RowLing$d - - $e06-06-2018 13:21$f0$g0$h06-25-18$i31223063753140$j361$0361$k - - $lw4ajp$ol$p$28.50$q-$r-$s- $t0$u6$v2$w0$x5$y.i8614263x$z05-17-16